| 000 | 00858 a2200229 4500 | ||
|---|---|---|---|
| 010 | _aENG-89515 | ||
| 020 |
_c300.00 _a1857443314 |
||
| 035 | _aEN-73048 | ||
| 037 | _bDBAD / PUB | ||
| 082 | 1 | 4 | _a794.1 |
| 090 |
_c11060 _d11060 |
||
| 100 | 1 | _aSeirawan, Yasser | |
| 245 | 1 |
_aPlay winning chess / _cby Yasser Seirawan and Jeremy Silman |
|
| 260 |
_aChennai _bCitadel Chess World _c2005 (rep) |
||
| 270 |
_a3, 1st Floor, Lalithambika, No. 1, 79th Street, 18th Avenue, Ashok Ngar, _bChennai _cChennai _e6000083 _k44-24716179 M- 9884800219 _minfo@citadelchessworld.com |
||
| 300 |
_axi, 222p.: _c24 cm (pbk) _bb&w photos; |
||
| 490 | _aWinning chess series | ||
| 500 | _aIncludes index | ||
| 700 | 1 | _aSilman, Jeremy | |
| 942 |
_adpl _cEN _k794.1/ SEI |
||
| 999 |
_c10757 _d10757 |
||